000 00372nam a2200133Ia 4500
008 231129s1984||||xx |||||||||||||| ||spa||
040 _bspa
082 _aCo864 C311u
100 _aCarranza Eduardo
245 0 _aUna rosa sobre una espada : Textos de exaltación hispánica
260 _c1984
264 _aInstituto Colombiano de Cultura Hispánica
942 _2ddc
_cBKS
999 _c26012
_d26012